| 000 | 01813cam a2200337 a 4500 | ||
|---|---|---|---|
| 001 | 12902302 | ||
| 003 | ARRUPE | ||
| 005 | 20150521140301.0 | ||
| 008 | 020821s2003 mdu b 001 0 eng | ||
| 010 | _a 2002013624 | ||
| 020 | _a0801873401 (alk. paper) | ||
| 040 |
_aDLC _cDLC _dDLC |
||
| 043 | _an-us--- | ||
| 050 | 0 | 0 |
_aLC383 _b.M325 2003 |
| 082 | 0 | 0 |
_a378/.0088/22 _221 |
| 100 | 1 |
_aMahoney, Kathleen A. _917270 |
|
| 245 | 1 | 0 |
_aCatholic higher education in Protestant America : _bthe Jesuits and Harvard in the age of the university / _cKathleen A. Mahoney. |
| 260 |
_aBaltimore : _bJohns Hopkins University Press, _c2003. |
||
| 300 |
_ax, 347 p. ; _c24 cm. |
||
| 504 | _aIncludes bibliographical references (p. [311]-336) and index. | ||
| 505 | 0 | _aBetween Protestants and Catholics -- The descendants of Luther and the sons of Loyola -- Time, the Harvard Law School controversy and the modern imperative -- Among Catholics -- Persons, the bonds of religion and the claims of class -- Place, Americanism and the higher education of Catholics -- Among Jesuits -- Novus ordo academicus and the travails of adapting. | |
| 610 | 2 | 0 |
_aJesuits _xEducation (Higher) _zUnited States. _917271 |
| 610 | 2 | 0 |
_aHarvard University _xAdministration _xHistory. _917272 |
| 650 | 0 |
_aChurch and college _zUnited States _xHistory. _917273 |
|
| 650 | 0 |
_aCatholics _xEducation (Higher) _zUnited States _xHistory. _917274 |
|
| 650 | 0 |
_aCatholic universities and colleges _zUnited States. _913020 |
|
| 650 | 0 |
_aProtestant churches _zUnited States _xRelations _xCatholic Church _xHistory. _917275 |
|
| 906 |
_a7 _bcbc _corignew _d1 _eecip _f20 _gy-gencatlg |
||
| 942 |
_2lcc _cMONOGRAPH |
||
| 999 |
_c122695 _d122695 |
||